000 01271cam a2200301 4500
008 021010n2002 000 0 eng u
020 _a1899769897
035 _a(Sirsi) u120061
041 _aeng
050 _a333.337
_c18
100 _aDixon, T.
245 _aeRPUK 2001
_beCommerce and Retail Property in the UK - annual survey and international comparison. Research report September 2002.
260 _aReading
_bCollege of Estate Management
_c2002
300 _a89p.
_bill.
_c30cm.
350 _a75
490 _aCollege of Estate Management Research Report
520 _aThis research report aims to provide an up-to-date survey of how eCommerce is impacting on UK retail property. It analyses the drivers and barriers shaping the impact of eCommerce of real estate in retailing in the UK, and goes on to compare the impact of eCommerce in the UK, selected European countries, and the USA.
650 _aE-COMMERCE
650 _aRETAIL PROPERTY MARKET
650 _aRETAIL PROPERTY
650 _aPROPERTY-COMMERCIAL PROPERTY-RETAIL PROPERTY-RETAIL PROPERTY MARKET
650 _aUNITED STATES
650 _aEUROPE
650 _aUNITED KINGDOM
690 _aPROPERTY-COMMERCIAL PROPERTY-RETAIL PROPERTY
700 _aMarston, A.
942 _n0
999 _c102466
_d102466